[Event "KAZ-ch U12"]
[Site "Ak Bulak"]
[Date "2022.03.22"]
[Round "4"]
[White "Rakhat, Edige"]
[Black "Talgatov, Nazar"]
[Result "1/2-1/2"]
[WhiteElo "1448"]
[BlackElo "1921"]
[PlyCount "100"]
[EventDate "2022.03.20"]
[EventType "swiss"]
[EventRounds "9"]
[EventCountry "KAZ"]
[SourceTitle "EXT 2023"]
[Source "ChessBase"]
[SourceDate "2022.10.05"]
[SourceVersion "1"]
[SourceVersionDate "2022.10.05"]
[SourceQuality "1"]

1. d4 Nf6 2. c4 e6 3. Nf3 Bb4+ 4. Bd2 a5 5. g3 b6 6. Bg2 Bb7 7. a3 Bxd2+ 8. Nbxd2 d6 9. 0-0 0-0 10. Qc2 Nbd7 11. b4 Qe7 12. e4 e5 13. d5 Nh5 14. Rae1 g6 15. Re3 axb4 16. axb4 Ra7 17. Nb3 Rfa8 18. Ree1 Bc8 19. Ra1 Nf8 20. Rxa7 Rxa7 21. c5 Bd7 22. cxb6 cxb6 23. Ra1 Ba4 24. Nfd2 Rc7 25. Qd3 Qd7 26. Rc1 Rxc1+ 27. Nxc1 Bb5 28. Qe3 Qc7 29. Ncb3 Nd7 30. Bf1 Bxf1 31. Kxf1 Qc2 32. Qe2 Nhf6 33. Kg2 Kf8 34. f3 Ke7 35. Kf2 Ne8 36. Qc4 Qa2 37. Ke2 Qa4 38. Kd3 h5 39. Kc3 g5 40. Qc6 Qa2 41. Qc4 Qa7 42. Nf1 h4 43. Ne3 Qa2 44. gxh4 gxh4 45. Nf5+ Kf8 46. Nxh4 Qf2 47. Nf5 Qxf3+ 48. Qd3 Qg2 49. h4 Ndf6 50. Nd2 Qh1 1/2-1/2